US States With 100+ Counties (Sudden Death) - Statistics

General Stats
  • This quiz has been taken 62 times
    53 since last reset
  • The average score is 5 of 8
Answers on the Grid
Answers color-coded by a green-red scale on the quiz's grid according to % correct below.
Alaska
Arizona
Florida
Georgia
Illinois
Iowa
Kansas
Kentucky
Maine
Missouri
Nevada
New York
North Carolina
Oklahoma
Oregon
Rhode Island
Tennessee
Texas
Virginia
Washington
 
Answer Stats
Answer % Correct
Texas
82%
Georgia
76%
Illinois
67%
North Carolina
67%
Kentucky
62%
Missouri
53%
Virginia
49%
Kansas
47%
No matching quizzes found
Score Distribution
Percent of People with Each Score
Percentile by Number Answered
Your Score History
You have not taken this quiz since the last reset